Defensa de la declaración de la asamblea del clero de Francia de 1682 (Record no. 8559)

MARC details
000 -CABECERA
campo de control de longitud fija 01003nam a2200241 a 4500
001 - NÚMERO DE CONTROL
campo de control BRCA_8908
005 - FECHA Y HORA DE LA ÚLTIMA TRANSACCIÓN
campo de control 20190320210444.0
008 - DATOS DE LONGITUD FIJA--INFORMACIÓN GENERAL
campo de control de longitud fija 190617s1771----sp-#######---#000-0#spa-#
041 ## - CÓDIGO DE LENGUA
Código de lengua del texto/banda sonora o título independiente spa
044 ## - CÓDIGO DEL PAÍS DE LA ENTIDAD EDITORA/PRODUCTORA
Código MARC del país sp
084 ## - OTRO NÚMERO DE CLASIFICACIÓN
Número de clasificación CO69
Número de documento/Ítem .B67 1771
100 1# - ENTRADA PRINCIPAL--NOMBRE DE PERSONA
Nombre de persona Bossuet, Jacobo Benigno
Fechas asociadas al nombre 1627 - 1704
9 (RLIN) 21800
245 10 - MENCIÓN DE TÍTULO
Título Defensa de la declaración de la asamblea del clero de Francia de 1682
Resto del título acerca de la protestad eclesiástica
Mención de responsabilidad, etc. por el Illmo. Señor Jacobo Benigno Bossuet, Obispo de Meaux; traducida en español por el doctor Don Francisco Martínez Molés; Tomo cuarto.
260 ## - PUBLICACIÓN, DISTRIBUCIÓN, ETC.
Lugar de publicación, distribución, etc. Madrid
Nombre del editor, distribuidor, etc. En la Oficina de Don Manuel Martin
Fecha de publicación, distribución, etc. 1771
300 ## - DESCRIPCIÓN FÍSICA
Extensión XIV, 426 p. (t.4)
Dimensiones 21.2 x 15 cm
500 ## - NOTA GENERAL
Nota general Con Superior Permiso, y Licencia
500 ## - NOTA GENERAL
Nota general Estado físico: presenta encuadernación en pergamino
650 14 - PUNTO DE ACCESO ADICIONAL DE MATERIA--TÉRMINO DE MATERIA
Término de materia o nombre geográfico como elemento de entrada Política
Subdivisión cronológica Obras anteriores a 1800
Subdivisión geográfica Francia
9 (RLIN) 21801
700 1# - PUNTO DE ACCESO ADICIONAL--NOMBRE DE PERSONA
Nombre de persona Martínez Molés, Francisco
Término indicativo de función/relación tr.
9 (RLIN) 22153
700 1# - PUNTO DE ACCESO ADICIONAL--NOMBRE DE PERSONA
Nombre de persona Martin, Manuel
Término indicativo de función/relación Impresor
9 (RLIN) 22154
902 ## - CATALOGADOR
Iniciales CFM
942 ## - ELEMENTOS DE PUNTO DE ACCESO ADICIONAL (KOHA)
Fuente del sistema de clasificación o colocación Library of Congress Classification
Tipo de ítem Koha Libros
Holdings
Estado de retiro Estado de pérdida Estado dañado No para préstamo Localización permanente Ubicación/localización actual Fecha de adquisición Total de préstamos Signatura topográfica completa Código de barras Fecha visto por última vez Precio válido a partir de Tipo de ítem Koha
El ejemplar forma parte de la colección y puede ser consultado según las políticas vigentes.       Biblioteca del Museo Franz Mayer (Rogerio Casas-Alatriste) Biblioteca del Museo Franz Mayer (Rogerio Casas-Alatriste) 19/06/2017   CO69 .B67 1771 CFM00231 22/03/2019 22/03/2019 Libros